| 000 | 00543nam a2200145Ia 4500 | ||
|---|---|---|---|
| 008 | 170221s9999 xx 000 0 und d | ||
| 100 | _aAhmad Zubir Ibrahim | ||
| 245 | _aDo Young Inspire to be an Entrepreneur? A Case of Secondary Students Perception in Malaysia | ||
| 245 | _cAhmad Zubir Ibrahim, Shazida Jan Mohd Khan, Abdul Rahim Anuar | ||
| 260 | _bInternational Review of Management and Marketing | ||
| 260 | _c2016 | ||
| 300 | _a15 : 12 | ||
| 650 | _xMarketing. | ||
| 856 | _uhttp://www.econjournals.com/index.php/irmm/issue/view/97 | ||
| 999 |
_c311997 _d311997 |
||